000 00474nam a22001937a 4500
003 MPLRDC
005 20220104123425.0
008 210129b ||||| |||| 00| 0 eng d
020 _a7-80536-219-X
082 _a955 GWX v.9
100 _a谢家华
245 _a现场光摄影
_c
250 _a一版一刷
260 _a
_b浙江摄影出版社
_c1994
300 _b
490 _a跟我学摄影丛书
650 _a摄影术之应用
942 _cBK
_o955 GWX v.9
999 _c11310
_d11300